|
|
|
|
| LEADER |
03829ncm a2200601 a 4500 |
| 001 |
000811065 |
| 003 |
CZ BrMZK |
| 005 |
20160922104046.0 |
| 007 |
qu |
| 008 |
060309s2005 xr sgang e cze d |
| 024 |
2 |
|
|a M-2601-0349-8
|
| 028 |
0 |
0 |
|a H 7934
|b Editio Bärenreiter Praha
|
| 040 |
|
|
|a BOA001
|b cze
|
| 041 |
1 |
|
|e lat
|e cze
|e ger
|e eng
|g cze
|g ger
|g eng
|
| 048 |
|
|
|a ka01
|b vn01
|
| 072 |
|
7 |
|a 784
|x Vokální hudba
|2 Konspekt
|9 9
|
| 080 |
|
|
|a 784.3/.7.082.4
|2 MRF
|
| 080 |
|
|
|a 78.089.6
|2 MRF
|
| 100 |
1 |
|
|a Bruns, Martin,
|d 1960-2026
|7 xx0076595
|4 com
|
| 245 |
1 |
0 |
|a Písně na Petrarku
|h [hudebnina] =
|b Petrarca-Lieder = Petrarch songs : písně pro střední hlas a klavír na básně Francesca Petrarky /
|c sestavil Martin Burns
|
| 246 |
3 |
1 |
|a Petrarca-Lieder
|
| 246 |
3 |
1 |
|a Petrarch songs
|
| 250 |
|
|
|a 1. vyd.
|
| 254 |
|
|
|a Partitura
|
| 260 |
|
|
|a Praha:
|b Editio Bärenreiter,
|c 2005
|
| 300 |
|
|
|a 156 s. :
|b il. ;
|c 31 cm
|
| 505 |
0 |
0 |
|t May morning /
|r James Hook --
|t Piu volte gia del bel sembiante umano /
|r Johann Friedrich Reichardt --
|t Quel vago impallidir /
|r Moritz Hauptmann --
|t Apollo, lebet noch dein hold Verlangen --
|t Allein, nachtdenklich, wie gelähmt vom Krampfe --
|t Nunmehr, da Himmel, Erde schweigt und Winde /
|r Franz Schubert --
|t Or che'l ciel e la terra e'l vento tace /
|r Friedrich Curschmann --
|t Benedetto sia'l giorno, e'l messe, e l'anno --
|t Pace non trovo, e non ho da far guerra --
|t I' vidi in terra angelici costumi /
|r Franz Liszt --
|t Vergine bella /
|r Peter Cornelius --
|t Que bénis soient le jour, et le mois et l'année /
|r Émile Paladilhe --
|t Auf die Morgenröte, op. 41 /
|r Hans Pfitzner --
|t Vita fugge e non s'arresta un'ora /
|r Ildebrando Pizzetti --
|t Nun siehst du, Amor, dass Madonna dein Reich verachtet /
|r Wolfgang Jacobi --
|t Non al suo amante piu Diana piacque --
|t Nova angeletta sovra l'alle accorta --
|t Zefiro torna, e 'l bel tempo rimena /
|r Mario Castelnuovo-Tedesco --
|t Amor, che vedi, op. 9/1 /
|r Robert Dussaut --
|t Rapido fiume /
|r Marcelle de Manziarly --
|t Quand je suis tout entier /
|r Robert Caby --
|t Di tempo in tempo mi si fa men dura /
|r Nino Rota --
|t Pohleďte, mocní, kterak letí časy /
|r Marek Kopelent --
|t Incontro /
|r Rudi Spring --
|t Fresco, ombroso /
|r Akos Banlaky
|
| 546 |
|
|
|a Texty písní latinsky, česky, německy a anglicky, doprovodný text česky, německy a anglicky
|
| 650 |
0 |
4 |
|a koncertní písně (zpěv, klavír)
|
| 655 |
|
7 |
|a partitury
|7 fd185981
|2 czenas
|
| 700 |
1 |
|
|a Hook, James,
|d 1746-1827
|7 xx0013341
|4 cmp
|
| 700 |
1 |
|
|a Reichardt, Johann Friedrich,
|d 1752-1814
|7 jn20030819035
|4 cmp
|
| 700 |
1 |
|
|a Hauptmann, Moritz,
|d 1792-1868
|7 xx0011522
|4 cmp
|
| 700 |
1 |
|
|a Schubert, Franz,
|d 1797-1828
|7 jn19990007813
|4 cmp
|
| 700 |
1 |
|
|a Curschmann, Karl Friedrich,
|d 1805-1841
|7 mzk2007394906
|4 cmp
|
| 700 |
1 |
|
|a Liszt, Ferenc,
|d 1811-1886
|7 jn19981001756
|4 cmp
|
| 700 |
1 |
|
|a Cornelius, Peter,
|d 1824-1874
|7 ola2002159019
|4 cmp
|
| 700 |
1 |
|
|a Paladilhe, Émile,
|d 1844-1926
|7 mzk2007394900
|4 cmp
|
| 700 |
1 |
|
|a Pfitzner, Hans,
|d 1869-1949
|7 jn20000701404
|4 cmp
|
| 700 |
1 |
|
|a Pizzetti, Ildebrando,
|d 1880-1968
|7 xx0001790
|4 cmp
|
| 700 |
1 |
|
|a Jacobi, Wolfgang,
|d 1894-1972
|7 mzk2007394901
|4 cmp
|
| 700 |
1 |
|
|a Castelnuovo-Tedesco, Mario,
|d 1895-1968
|7 jn20000601150
|4 cmp
|
| 700 |
1 |
|
|a Dussaut, Robert,
|d 1896-1969
|7 mzk2007394902
|4 cmp
|
| 700 |
1 |
|
|a Manziarly, Marcelle de,
|d 1899-1989
|7 mzk2007394907
|4 cmp
|
| 700 |
1 |
|
|a Caby, Robert,
|d 1905-1992
|7 mzk2007394903
|4 cmp
|
| 700 |
1 |
|
|a Rota, Nino,
|d 1911-1979
|7 xx0012367
|4 cmp
|
| 700 |
1 |
|
|a Kopelent, Marek,
|d 1932-2023
|7 jn19990010087
|4 cmp
|
| 700 |
1 |
|
|a Spring, Rudi,
|d 1962-
|7 mzk2007394904
|4 cmp
|
| 700 |
1 |
|
|a Bánlaky, Ákos,
|d 1966-
|7 mzk2007394905
|4 cmp
|
| 910 |
|
|
|a BOA001
|b Mus4-1161.985
|
| 990 |
|
|
|a MU
|
| 991 |
|
|
|b 200603
|c NOV
|
| 996 |
6 |
|
|b 2610273320
|c Mus4-1161.985
|l MZK
|r Sklad / do 1 hodiny
|n 1
|w 000811065
|u 000010
|a 1
|e BOA001
|j MZK50
|s P
|